| 000 | 00386nam a22001337a 4500 | ||
|---|---|---|---|
| 003 | PILC | ||
| 005 | 20160308094351.0 | ||
| 008 | 160308b xxu||||| |||| 00| 0 eng d | ||
| 050 |
_aDS 686.616 _b.D981 2015 vol.10 |
||
| 245 |
_aGiving back : _bservice and legacy / |
||
| 260 |
_aPhilippines : _bRPDEV, _c2015. |
||
| 300 |
_axi, 243 pages : _bcolor illustrations ; _c23 cm. |
||
| 942 |
_2lcc _cBK |
||
| 999 |
_c291477 _d291477 |
||